01065ngm a2200253 a 450000500170000000800410001708200190005811000180007724500670009525000190016230000450018149000330022650502450025965000820050465000320058671000200061894200130063826400220065133600270067333700330070033800280073304000350076199900150079620220317001344.0161108s9999 sp g 000 0 spa 04a973.00497bI522 aDidaco97130814aLos indios y el salvaje oestebLos piratashvideodisco digital a1a. edición  a1 DVD (50 minutos)bsonido, colorc19 cm aDescubrir cómo y por qué aLos indios y el salvaje oeste. ¿De dónde venían los indios originariamente?, ¿Qué tribus famosas existían?, ¿Por qué los búfalos eran tan valiosos para los indios?, ¿Qué es un tepee?, ¿Cómo crecían los niños indios?142LEMBaIndigenas de américa del nortevVideodiscosxVida social y costumbres142LEMBaPiratas vVideodiscos aTessloff971309 2ddccDVD aBarcelonabDidaco atextobtxt2rdacontent asin mediaciónbn2rdamedia avolumenbnc2rdacarrier aCO-BoRNBPbspaerdacCO-BoRNBP c6715d6715